000 00701nam a2200205 i 4500
001 43758
003 ES-MaACL
005 20250918184207.0
007 t|
008 030318s1956 sp |||| |cspa d
080 _a929(460)
100 1 _aCervero Basora, Enrique.
_937654
245 1 0 _aEspañoles de ayer /
_cEnrique Cervero Basora ; prólogo de Agustín de Figueroa y Alonso-Martínez, Marqués de Santo Floro.
260 _aMadrid :
_bAlonso,
_c1956 (
_f[Artes Gráficas Helénica])
300 _a228 p. ;
_c19 cm.
650 0 4 _aEspañoles-
_xBiografías.
_912469
700 1 _aFigueroa, Agustín de,
_cMarqués de Santo Floro
_950775
852 _aES-MaACL
_jC-11018
999 _c43758
_d43758